01142 a2200193 45000010006000000050017000060080041000230030015000640400040000790800056001192450043001750200022002182500012002402640033002523000017002855050606003020410008009081000032009166140920260407155904.0260407a1978 arg spa dAR-UNSa-BCEJYS aAR-UNSa-BCEJYSbspacAR-UNSa-BCEJYS a347.4xObligaciones. Contratos. Acuerdos. Convenios10aTratado de derecho civilpObligaciones a978-950-02-0008-0 a3a. ed. 1aBuenos Aires :bPerrotc1978 a4 v.c23 cm. aTomo I: Teoría general de la obligación. Efectos de las obligaciones. Teoría general de los privilegios – Tomo II A: Clasificación de las obligaciones – Tomo II B: Transmisión de las obligaciones. Extinción de las obligaciones. Pago – Tomo III: Convenciones liberatorias. Hechos extintivos. Prescripción. Actos ilícitos – Tomo IV A: Delitos. Responsabilidad por el hecho ajeno. Responsabilidad por el hecho de las cosas – Tomo IV B: Acción civil y acción penal. Responsabilidades especiales. Voluntad unilateral. Enriquecimiento sin causa. Índices generales de la obra. aspa1 aLlambías, Jorge Joaquín